|
|
|
|
| LEADER |
00000nab a2200000 4500 |
| 001 |
vtls011969754 |
| 003 |
SK-MaSNL |
| 005 |
20260318114724.0 |
| 008 |
200527|2018 xo er|n || ||00 c0ukr |
| 015 |
|
|
|a SNBRB2020/05
|
| 038 |
|
|
|a SVKPOCL
|
| 040 |
|
|
|a SVKPOCL
|b slo
|c SVKPOCL
|e rda
|
| 041 |
0 |
|
|a ukr
|
| 043 |
|
|
|a e-un---
|a n-xxu--
|a n-cn---
|a e-pl---
|
| 044 |
|
|
|a xo
|c SK
|
| 072 |
|
7 |
|a 82
|x Literatúra. Literárny život
|2 konspekt
|
| 072 |
|
7 |
|a 821.161.09
|x Východoslovanské literatúry (o nich)
|2 konspekt
|
| 080 |
|
|
|a (477.87)
|2 2011
|
| 080 |
|
|
|a (477)
|2 2011
|
| 080 |
|
|
|a (73)
|2 2011
|
| 080 |
|
|
|a 82-95-051
|2 2011
|
| 080 |
|
|
|a 821.161.25-051
|2 2011
|
| 080 |
|
|
|a 82(091)"18/19"
|2 2011
|
| 080 |
|
|
|a 82:808.1
|2 2011
|
| 080 |
|
|
|a 808.1
|2 2011
|
| 080 |
|
|
|a 070.4
|2 2011
|
| 080 |
|
|
|a 929 Vysloc'kyj, Dmytrij Fedorovyč
|2 2011
|
| 080 |
|
|
|a (71)
|2 2011
|
| 100 |
1 |
|
|a Medviď, Peter,
|d 1981-
|4 aut
|9 268505
|
| 245 |
1 |
0 |
|a Dymitrij Vўsloc'kўj - odsudženўj na trest smerty
|c [autor]-pem-
|
| 246 |
3 |
3 |
|a Dymitrij Vŷsloc'kŷj - odsudženŷj na trest smerty
|
| 246 |
1 |
0 |
|i Iný názov:
|a Jubileji v 2018-im roci - 8
|
| 336 |
|
|
|a text
|b txt
|2 rdacontent
|
| 337 |
|
|
|a bez média
|b n
|2 rdamedia
|
| 338 |
|
|
|a zväzok
|b nc
|2 rdacarrier
|
| 500 |
|
|
|a V rubrike Našў osobnosty
|
| 500 |
|
|
|a Doplňujúce údaje sú prevzaté z Wikipediji
|
| 500 |
|
|
|a Odkrytie akronymu je s autorovým súhlasom
|
| 500 |
|
|
|a Vaňo Hunjanka vlastným menom Vysloc'kyj, Dmytrij Fedorovyč
|
| 600 |
1 |
7 |
|a Vysloc'kyj, Dmytrij Fedorovyč,
|d 1888-1968
|2 svkpocl
|9 1598624
|
| 630 |
0 |
7 |
|a Lemko (týždenník)
|2 svkpocl
|9 1598625
|
| 648 |
|
7 |
|a 4.11.1888-27.12.1968
|2 svkpocl
|9 1598626
|
| 648 |
|
7 |
|a 1914
|2 svkpocl
|9 335594
|
| 648 |
|
7 |
|a 1946
|2 svkpocl
|9 295550
|
| 650 |
0 |
7 |
|a rusínski spisovatelia
|2 SNKPH
|9 490645
|
| 650 |
0 |
7 |
|a publicisti
|2 SNKPH
|9 63929
|
| 650 |
0 |
7 |
|a dramatici
|2 SNKPH
|9 85256
|
| 650 |
0 |
7 |
|a biografia
|2 SNKPH
|9 71085
|
| 650 |
0 |
7 |
|a osobnosti
|2 SNKPH
|9 29820
|
| 650 |
0 |
7 |
|a literárna história
|2 SNKPH
|9 1136
|
| 650 |
0 |
7 |
|a literárna tvorba
|2 SNKPH
|9 4226
|
| 651 |
|
7 |
|a Ukrajina
|2 SNKPHgeo
|9 168045
|
| 651 |
|
7 |
|a Užhorod (Ukrajina)
|2 SNKPH
|9 26707
|
| 651 |
|
7 |
|a Ľvov (Ukrajina)
|2 SNKPH
|9 29383
|
| 651 |
|
7 |
|a Łabowa (Poľsko)
|2 svkpocl
|9 1550403
|
| 651 |
|
7 |
|a Kanada
|2 SNKPHgeo
|9 17505
|
| 651 |
|
7 |
|a Spojené štáty americké
|2 SNKPHgeo
|9 18262
|
| 651 |
|
7 |
|a Poľsko
|2 SNKPH
|9 16755
|
| 655 |
|
7 |
|a biografie
|2 SNKPH
|9 27965
|
| 773 |
0 |
|
|t NN info Rusyn
|g Roč. XV (27), č. 21 (2018), s. 11
|x 2454-0013
|
| 852 |
|
|
|a SVKPO
|b KIS3GCP
|
| 856 |
4 |
2 |
|y Elektronický archív Info Rusyna je dostupný na: http://www.rusyn.sk
|
| 856 |
4 |
2 |
|u https://uk.wikipedia.org/wiki/%D0%92%D0%B8%D1%81%D0%BB%D0%BE%D1%86%D1%8C%D0%BA%D0%B8%D0%B9_%D0%94%D0%BC%D0%B8%D1%82%D1%80%D0%BE_%D0%A4%D0%B5%D0%B4%D0%BE%D1%80%D0%BE%D0%B2%D0%B8%D1%87
|
| 958 |
|
|
|a BC
|
| 958 |
|
|
|a UA
|
| 958 |
|
|
|a SS
|
| 958 |
|
|
|a RN
|
| 958 |
|
|
|a US
|
| 958 |
|
|
|a CA
|
| 958 |
|
|
|a NM
|
| 999 |
|
|
|c 3288019
|d 3289949
|